ბათუმის შოთა რუსთაველის სახელმწიფო უნივერსიტეტის ბიბლიოთეკა

სერვანტესის ცხოვრება (ბიბ.ჩანაწერი № 50016)

000 -LEADER
fixed length control field 00679nam a2200205Ia 4500
001 - CONTROL NUMBER
control field 16954
003 - CONTROL NUMBER IDENTIFIER
control field GE_BSU
008 - FIXED-LENGTH DATA ELEMENTS--GENERAL INFORMATION
fixed length control field 181216s||||||||xx |||||||||||||| ||und||
040 ## - CATALOGING SOURCE
Transcribing agency GE_BSU
080 ## - UNIVERSAL DECIMAL CLASSIFICATION NUMBER
Universal Decimal Classification number 821.353.1-31 + 821.134.2(092სერვანტესი)
100 ## - MAIN ENTRY--PERSONAL NAME
Personal name აგიაშვილი, ნიკა
245 ## - TITLE STATEMENT
Title სერვანტესის ცხოვრება
245 ## - TITLE STATEMENT
Statement of responsibility, etc. რედ.ქ.თავაძე
260 ## - PUBLICATION, DISTRIBUTION, ETC.
Place of publication, distribution, etc. თბილისი
260 ## - PUBLICATION, DISTRIBUTION, ETC.
Name of publisher, distributor, etc. საბჭ. საქართველო
260 ## - PUBLICATION, DISTRIBUTION, ETC.
Date of publication, distribution, etc. 1973
300 ## - PHYSICAL DESCRIPTION
Extent 337გვ. ; 15სმ
653 ## - INDEX TERM--UNCONTROLLED
Uncontrolled term სერვანტესის ცხოვრება.
942 ## - ADDED ENTRY ELEMENTS (KOHA)
Koha item type წიგნი
ეგზემპლარები
Withdrawn status Lost status Damaged status Not for loan Date acquired Barcode Date last seen Price effective from Koha item type
        2018-12-17 21645 2018-12-17 2018-12-17 წიგნი